header

Clear leadership (Record no. 247962)

MARC details
000 -LEADER
fixed length control field 01307nam a2200349Ia 4500
082 04 - DEWEY DECIMAL CLASSIFICATION NUMBER
Classification number 658.4/092
100 1# - MAIN ENTRY--AUTHOR NAME
Personal name Bushe, Gervase R.
245 10 - TITLE STATEMENT
Title Clear leadership
250 ## - EDITION STATEMENT
Edition statement Rev. ed.
260 ## - PUBLICATION, DISTRIBUTION, ETC. (IMPRINT)
Place of publication Boston :
Name of publisher Davies-Black,
Year of publication 2010.
300 ## - PHYSICAL DESCRIPTION
Number of Pages xiii, 296 p. :
Other physical details ill.
650 #0 - SUBJECT ADDED ENTRY--TOPICAL TERM
Topical Term Leadership.
Topical Term Communication in management.
Topical Term Labor productivity.
Topical Term Industrial management.
856 40 - ELECTRONIC LOCATION AND ACCESS
Uniform Resource Identifier http://site.ebrary.com/lib/rucke/Doc?id=10448416

No items available.

© 2026 Rongo University
Contact us: librarian | system librarian | Rongo university